000 00616nam a2200229 i 4500
001 C2-0315864
003 PPAK
005 20180728111715.0
008 120708s2010 xxka|||| ||||| | eng d
020 _a9781848103528
040 _aPPAK
_beng
_cPPAK
_erda
082 0 4 _a032
_223
090 0 0 _a032
_bLIV
_dR
245 0 4 _aThe living world
264 1 _aUnited Kingdom :
_bMiles Kelly ,
_c2010
300 _a512 pages :
_bcolour illustrations ;
_c22 cm
336 _2rdacontent
_atext
337 _2rdamedia
_aunmediated
338 _2rdacarrier
_avolume
650 1 0 _aCuriosities and wonders.
942 _ddc
_cB
999 _c117013
_d117013